Logique Sportive - Mort Subite #36.3 - Statistiques

Statistiques générales
  • Ce quiz a été pris 225 fois
  • Le résultat moyen est 10 sur 22
Answers on the Grid
Answers color-coded by a green-red scale on the quiz's grid according to % correct below.
Belote
Corde
Chaussons
Thomas Voeckler
Grimper
Harnais
Cross Training
Magnésie
Plongeon
Musculation
Baudrier
Escalade
Cage
Piolet
Alpinisme
Everest
Multiplex
Prise
Équilibre
Cocktail
Vitesse
Moulinette
Voie
Motorisation
Ascension
Sport Adapté
Bloc
Italie
Glace
Sébastien Bouin
Revers
Piscine
Mur
Pof
Trad
Chasuble
 
Statistiques - réponses
Réponse % Correct
Corde
72%
Grimper
71%
Alpinisme
65%
Escalade
65%
Everest
63%
Harnais
63%
Ascension
59%
Baudrier
57%
Mur
57%
Prise
54%
Bloc
50%
Chaussons
47%
Piolet
46%
Voie
45%
Magnésie
44%
Équilibre
43%
Vitesse
31%
Glace
29%
Moulinette
25%
Sébastien Bouin
20%
Trad
8%
Pof
7%
Aucun quiz correspondant
Distribution des résultats
% des personnes avec chaque résultat
Percentile par nombre de réponses
Votre historique - résultats
Vous n’avez pas pris ce quiz